| 000 | 02050nam a22003377a 4500 | ||
|---|---|---|---|
| 005 | 2011072008588.0 | ||
| 010 | _aENG-103065 B-461975-979 | ||
| 020 |
_c495.00 _a9780198073925 |
||
| 020 |
_c495.00 _a0198073925 |
||
| 035 | _aEN-86598 B-461975-979 | ||
| 037 | _bDBAD / PUB | ||
| 037 | _bAllied Pub/Ven | ||
| 082 | _a305.5690954 | ||
| 245 | _aPoverty and social exclusion in India | ||
| 260 |
_aNew Delhi _bOxford University Press _c2011 |
||
| 270 |
_aYMCA Library Building Jai Singh Road _bNew Delhi _e110001 |
||
| 300 |
_axiii, 173 p. : _c23cm (Hb) _bill. |
||
| 500 | _aIncludes bibliographical references | ||
| 650 |
_aPoverty _zIndia _947534 |
||
| 650 |
_aMarginality, Social _zIndia _947535 |
||
| 700 | _929720 | ||
| 710 |
_aWorld Bank. _929753 |
||
| 942 |
_2ddc _cEN _mPOV _h305.5690954 |
||
| 999 |
_c54100 _d54100 |
||